000 00468cam a22001337a 4500
008 180718b1996 xxu||||| |||| 00| 0 eng d
082 _aA6x54 M422
100 _aMathur, Sobhag
245 _aHindu revivalism and the Indian national movement: a documentary study of the ideals and policies of the Hindu Mahasbha, 1939-45
_cby Sobhag Mathur
260 _aJodhpur
_bKusumanjali
_c1996
300 _a243p.
650 _aHindu Mahasbha
650 _aIndia - History - 1934-45
999 _c378884
_d378884